000 00449nam a2200181Ia 4500
008 180921t2014 xxu||||| |||| 00| 0 sin d
041 _asin
080 _a8-31
_bMIL
100 _aMiller, Arthur
245 _aමායා බන්ධන
246 _aMaya Bandana
260 _bSanhida
_aNugegoda
_c2014
300 _a230p, 21cm
700 _aGamini Viyangoda
_etr.
942 _cBK
999 _c11799
_d11799
003 LK-CoDNM
040 _aLK-CoDNM
_dLK-CoDNM
_eLK-CoDNM